Guardians of the universe? / (Record no. 176060)
[ view plain ]
| 000 -LEADER | |
|---|---|
| fixed length control field | 01196 a2200229 4500 |
| 003 - CONTROL NUMBER IDENTIFIER | |
| control field | Nust |
| 005 - DATE AND TIME OF LATEST TRANSACTION | |
| control field | 20230523123822.0 |
| 010 ## - LIBRARY OF CONGRESS CONTROL NUMBER | |
| LC control number | 79027769 |
| 020 ## - INTERNATIONAL STANDARD BOOK NUMBER | |
| International Standard Book Number | 0312352166 : |
| 040 ## - CATALOGING SOURCE | |
| Transcribing agency | Nust |
| 082 00 - DEWEY DECIMAL CLASSIFICATION NUMBER | |
| Classification number | 001.94,STO |
| 100 1# - MAIN ENTRY--PERSONAL NAME | |
| Personal name | Story, Ronald. |
| 9 (RLIN) | 112536 |
| 245 10 - TITLE STATEMENT | |
| Title | Guardians of the universe? / |
| Statement of responsibility, etc. | Ronald Story. |
| 260 ## - PUBLICATION, DISTRIBUTION, ETC. | |
| Place of publication, distribution, etc. | New York : |
| Name of publisher, distributor, etc. | St. Martin's Press, |
| Date of publication, distribution, etc. | c1980. |
| 300 ## - PHYSICAL DESCRIPTION | |
| Extent | 207 p., [24] leaves of plates : |
| Other physical details | ill. ; |
| Dimensions | 22 cm. |
| 505 ## - FORMATTED CONTENTS NOTE | |
| Formatted contents note | The Von Dakniken Mystique (Page-15), Other God Seekers (Page-21), God as Astronaut (Page-29), The Dawn of Man (Page-45), “Mysteries” Of Ancient Mexico and South America (Page-53), The Stone Giants of Easter Island (Page-69), In the Land of the Pharaohs (Page-77), Collector’s Miscellany (Page-89), The Tunguska Event (Page-95), Ancient UFOs and Contact (Page-101), The Sirius Mystery Solve (Page-113), EXO Theology The Religion of Outer Space (Page-127), UFOs: A Genuine Mystery (Page-139). |
| 600 10 - SUBJECT ADDED ENTRY--PERSONAL NAME | |
| Personal name | D衮iken, Erich von, |
| Dates associated with a name | 1935- |
| 9 (RLIN) | 112537 |
| 650 #0 - SUBJECT ADDED ENTRY--TOPICAL TERM | |
| Topical term or geographic name entry element | Civilization, Ancient |
| General subdivision | Extraterrestrial influences. |
| 9 (RLIN) | 112538 |
| 650 #0 - SUBJECT ADDED ENTRY--TOPICAL TERM | |
| Topical term or geographic name entry element | Life on other planets. |
| 9 (RLIN) | 112539 |
| 650 #0 - SUBJECT ADDED ENTRY--TOPICAL TERM | |
| Topical term or geographic name entry element | Unidentified flying objects. |
| 9 (RLIN) | 112540 |
| 942 ## - ADDED ENTRY ELEMENTS (KOHA) | |
| Source of classification or shelving scheme | |
| Koha item type | Book Bank |
| Withdrawn status | Lost status | Source of classification or shelving scheme | Damaged status | Not for loan | Permanent Location | Current Location | Shelving location | Date acquired | Full call number | Barcode | Date last seen | Price effective from | Koha item type | Public note |
|---|---|---|---|---|---|---|---|---|---|---|---|---|---|---|
| Military College of Signals (MCS) | Military College of Signals (MCS) | General Stacks | 12/12/2016 | 001.94,STO | MCS3300 | 12/08/2016 | 12/12/2016 | Book | Almirah No.79, Shelf No.1 |
